<?xml version="1.0" encoding="UTF-8"?>
<collection xmlns="http://www.loc.gov/MARC21/slim">
<record>
  <controlfield tag="001">252214</controlfield>
  <controlfield tag="005">20240928175017.0</controlfield>
  <datafield tag="035" ind1=" " ind2=" ">
    <subfield code="a">G:(GEPRIS)248403789</subfield>
  </datafield>
  <datafield tag="024" ind1="7" ind2=" ">
    <subfield code="a">G:(GEPRIS)248403789</subfield>
    <subfield code="d">248403789</subfield>
  </datafield>
  <datafield tag="040" ind1=" " ind2=" ">
    <subfield code="a">GEPRIS</subfield>
    <subfield code="c">http://gepris.its.kfa-juelich.de</subfield>
  </datafield>
  <datafield tag="150" ind1=" " ind2=" ">
    <subfield code="a">Analyse von Werkstoffmodifikationen durch Beugungsverfahren ((3) C01)</subfield>
    <subfield code="y">2014 - 2022</subfield>
  </datafield>
  <datafield tag="371" ind1=" " ind2=" ">
    <subfield code="a">Dr.-Ing. Jérémy Epp</subfield>
  </datafield>
  <datafield tag="371" ind1=" " ind2=" ">
    <subfield code="a">Professor Dr.-Ing. Hans-Werner Zoch</subfield>
  </datafield>
  <datafield tag="450" ind1=" " ind2=" ">
    <subfield code="a">DFG project G:(GEPRIS)248403789</subfield>
    <subfield code="w">d</subfield>
    <subfield code="y">2014 - 2022</subfield>
  </datafield>
  <datafield tag="510" ind1="1" ind2=" ">
    <subfield code="a">Deutsche Forschungsgemeinschaft</subfield>
    <subfield code="0">I:(DE-588b)2007744-0</subfield>
    <subfield code="b">DFG</subfield>
  </datafield>
  <datafield tag="550" ind1=" " ind2=" ">
    <subfield code="0">G:(GEPRIS)223500200</subfield>
    <subfield code="a">TRR 136: Funktionsorientierte Fertigung auf der Basis charakteristischer Prozesssignaturen</subfield>
    <subfield code="w">t</subfield>
  </datafield>
  <datafield tag="680" ind1=" " ind2=" ">
    <subfield code="a">Durch im SFB betrachtete Fertigungsprozesse erzeugte Werkstoffmodifikationen werden mit Beugungs-verfahren untersucht, um Prozesssignaturen aufzustellen. Mithilfe eines Diffraktometers mit Zugeinrichtung werden das Verhalten und die Stabilität von Randschichten unter thermo-mechanischer Beanspruchung untersucht. In-situ-Untersuchungen des Festwalzens mittels Synchrotronstrahlung werden fortgeführt und auf den Schleifprozess ausgedehnt. Dabei werden zeit- und ortsaufgelöst (Eigen)Spannungen und Mikrostrukturentwicklungen während und nach der Beanspruchung erfasst. Schließlich soll eine neue Methode zur schnellen Eigenspannungsmessung mit einem neuartigen Cos-α Diffraktometer entwickelt werden.</subfield>
  </datafield>
  <datafield tag="909" ind1="C" ind2="O">
    <subfield code="o">oai:juser.fz-juelich.de:918816</subfield>
    <subfield code="p">authority:GRANT</subfield>
    <subfield code="p">authority</subfield>
  </datafield>
  <datafield tag="980" ind1=" " ind2=" ">
    <subfield code="a">G</subfield>
  </datafield>
  <datafield tag="980" ind1=" " ind2=" ">
    <subfield code="a">AUTHORITY</subfield>
  </datafield>
  <datafield tag="909" ind1="C" ind2="O">
    <subfield code="o">oai:juser.fz-juelich.de:918816</subfield>
  </datafield>
</record>
</collection>